000 00569nam a2200205Ia 4500
005 20250505145729.0
008 008 250505s9999 xx 000 0 eng d
037 _aTextbook
040 _aFML
_bhin
_cFML
041 _ahin
_2hin
084 _aO15,1D40:g R1
_qFML
100 _aChauhan, Usha
_9754295
245 0 _aBhas Kalidas Aur Bhavbhuti Ke Rupkon Ke Pramukh Nari Patra
260 _aDelhi
_bE.B.L.
_c2021
300 _a351p
365 _aINR
_b1450
650 _aMusic
942 _cTB
_hO15,1D40:g R1
999 _c1311658
_d1311658